| 000 | 00909nac a22002531u 4500 | ||
|---|---|---|---|
| 010 | _a | ||
| 020 | _a0205491685 (pbk.) | ||
| 020 | _a0205491685 (pbk.) | ||
| 082 | 0 | 0 |
_a659.2 _bWIL |
| 090 |
_c8563 _d8563 |
||
| 100 | _a20080729 | ||
| 245 | 0 | 0 |
_aPublic relations : _bstrategies and tactics / _cDennis L. Wilcox and Glen T. Cameron |
| 250 | _a8th ed. | ||
| 260 |
_aBoston : _bAllyn and Bacon,2006 _cc2006 |
||
| 300 |
_a1 v. : _bill. (some col.) ; _c26 cm. |
||
| 500 | _adistributer: Al-Ahram | ||
| 504 | _aIncludes bibliographical references (p. [553]-560). and index. | ||
| 511 | _acatalogued by: wessam | ||
| 650 | 0 | _aPublic relations. | |
| 650 | 0 |
_aPublic relations _zUnited States. |
|
| 700 | 1 | _aWilcox, Dennis L. | |
| 942 |
_cBB _k659.2WIL |
||
| 999 |
_c8563 _d8563 |
||